| 000 | 00000nam##2200000za#4500 |
| 001 | 9.686887 |
| 003 | CaOODSP |
| 005 | 20210624230731 |
| 007 | cr ||||||||||| |
| 008 | 150407|2004||||xxc|||||o f|0| 0 eng|d |
| 020 | |a0-662-36324-8 |
| 040 | |aCaOODSP|beng |
| 043 | |an-cn--- |
| 086 | 1 |aA22-384/2004E-PDF |
| 110 | 1 |aCanada. |bAgriculture and Agri-Food Canada. |
| 245 | 10|aCanada's country report on farm animal genetic resources to the Food and Agriculture Organization of the United Nations / |h[electronic resource]|cprepared by F.G. Silversides, D.L. Patterson, R.D. Crawford, S.K. Ho. |
| 246 | 1 |iShort title : |aCanada's country report on farm animal genetic resources |
| 260 | |aOttawa - Ontario : |bAgriculture and Agri-Food Canada |c2003, c2004. |
| 500 | |aHistorical publication digitized by Agriculture and Agri-Food Canada. The catalogue number (A22-384/2004) and ISBN (0-662-68029-4) for the bilingual print edition have been copied in this electronic publication. |
| 520 | 3 |aThis report is Canada’s contribution to the FAO’s report on the state of the world’s animal genetic resources. It examines genetic resources in the farm animal sector; reviews the changing demands on the sector and implications for future national policies and programs; reviews the state of national capacities; and examines priorities for an enhanced national program of sustainable conservation and use of these resources. Includes data tables and recommendations for international cooperation. |
| 590 | |a15-03-Supp|b2015-03-13 |
| 690 | 07|aBiotechnology|2gcpds |
| 690 | 07|aLivestock|2gcpds |
| 775 | 08|tRapport du Canada sur l'état des ressources génétiques des animaux d'élevage présenté à l'Organisation des Nations Unies pour l'alimentation et l'agriculture / |w(CaOODSP)9.631349 |
| 776 | 0#|tCanada's country report on farm animal genetic resources : |w(CaOODSP)9.665375 |
| 776 | 0#|tRapport du Canada sur l'état des ressources génétiques des animaux d'élevage : |w(CaOODSP)9.665376 |
| 856 | 40|ahttp://publications.gc.ca|qPDF|s2.00 MB|uhttps://publications.gc.ca/collections/collection_2015/aac-aafc/A22-384-2004-eng.pdf |
| 986 | |aAAFC No. 2255B |